<?xml version="1.0" encoding="UTF-8"?>
<marc:record xmlns:marc="http://www.loc.gov/MARC21/slim">
   <marc:leader>00000nam a2200000 a 4500</marc:leader>
   <marc:datafield ind1="1" ind2=" " tag="100">
      <marc:subfield code="a">Peters, Roukeiya</marc:subfield>
      <marc:subfield code="4">aut</marc:subfield>
      <marc:subfield code="e">Verfasser/-in</marc:subfield>
   </marc:datafield>
   <marc:datafield ind1="0" ind2="0" tag="245">
      <marc:subfield code="a">Schwalbennacht - Der Klang der Magie</marc:subfield>
   </marc:datafield>
   <marc:datafield ind1="0" ind2="0" tag="245">
      <marc:subfield code="c">Peters, Roukeiya</marc:subfield>
   </marc:datafield>
   <marc:datafield ind1=" " ind2="1" tag="264">
      <marc:subfield code="a">München</marc:subfield>
      <marc:subfield code="b">tolino media</marc:subfield>
      <marc:subfield code="c">2024</marc:subfield>
   </marc:datafield>
   <marc:datafield ind1="1" ind2=" " tag="490">
      <marc:subfield code="a">Schwalbennacht</marc:subfield>
      <marc:subfield code="v">3</marc:subfield>
   </marc:datafield>
   <marc:datafield ind1="1" ind2=" " tag="520">
      <marc:subfield code="a">Das Schicksal ist ein Irrgarten. Meistens müssen wir bis zum Ende durchhalten, um zu sehen, wo es uns hinführt. Manchmal jedoch müssen wir einsehen, dass wir ewig irren. Kirians Welt ist zerbrochen. Obwohl der Drachenausbruch dafür gesorgt hat, dass in Nylem endlich wieder Magie keimt, kehrt er den Verbündeten in seiner Trauer den Rücken zu, um einzig seiner Rache nachzugehen. Und diese kennt nur ein Ziel: Elias Scott. Doch das Auftauchen eines verloren geglaubten Freundes bringt nicht nur weltverändernde Informationen, sondern auch Hoffnung in sein Leben zurück. Ein Leben, in dem er alles dafür tun kann, für Runas Traum zu kämpfen. Das langersehnte Finale der Schwalbennacht-Trilogie - magisch und emotional!</marc:subfield>
   </marc:datafield>
   <marc:datafield ind1=" " ind2=" " tag="020">
      <marc:subfield code="a">9783757915209</marc:subfield>
      <marc:subfield code="9">9783757915209</marc:subfield>
   </marc:datafield>
   <marc:datafield ind1=" " ind2=" " tag="020">
      <marc:subfield code="a">3757915208</marc:subfield>
      <marc:subfield code="9">3757915208</marc:subfield>
   </marc:datafield>
   <marc:datafield ind1=" " ind2=" " tag="041">
      <marc:subfield code="a">ger</marc:subfield>
   </marc:datafield>
   <marc:datafield ind1="0" ind2=" " tag="490">
      <marc:subfield code="v">3</marc:subfield>
   </marc:datafield>
   <marc:datafield ind1=" " ind2=" " tag="338">
      <marc:subfield code="a">Band</marc:subfield>
   </marc:datafield>
   <marc:datafield ind1=" " ind2=" " tag="300">
      <marc:subfield code="a">416 Seiten</marc:subfield>
   </marc:datafield>
</marc:record>
